000 00598nam a2200193Ia 4500
003 OSt
005 20250821113550.0
008 210210b2005 xxu||||| |||| 00| 0 eng d
040 _cAL
041 _aKannada
082 _aK894.1 SUMK
100 _aSUMUKHANANDA JALAVALLI.
_dಸುಮುಖಾನಂದ ಜಲವಳ್ಳಿ
_9236851
245 _aKannu bittaga: hanigavanagalu.
_bಕಣ್ಣು ಬಿಟ್ಟಾಗ : ಹನಿಗವನಗಳು
260 _aKinnigoli
_bSumukha Prakashana
_c2005
300 _a57
690 _aKannada Poetry
_9236852
906 _a060788
942 _2ddc
_cBK
999 _c107598
_d107598